000
00299nam a22001337a 4500
008
170504b xxu||||| |||| 00| 0 eng d
020
_a
9789280810929
041
_a
eng
080
_a
347
100
_a
14
101
_a
SHJ
245
_a
HUMAN RIGHJT AND SOCIETES
_c
HOROWITZ.SH
942
_2
udc
_c
BK
999
_c
12709
_d
12709